[Event "It \"]
[Site "masterchessopen.com – Berlin (Germany)"]
[Date "2004.10.04"]
[Round "5"]
[White "Lang Andreas (GER)"]
[Black "Berger Steve (GER)"]
[Result "0-1"]
[WhiteElo "2039"]
[BlackElo "2373"]

1.e4 e6 2.d4 d5 3.Nd2 Be7 4.Ngf3 Nf6 5.Bd3 c5 6.dxc5 Bxc5 7.O-O Nc6 8.e5 Nd7
9.Nb3 Bb6 10.Qe2 f6 11.exf6 Nxf6 12.Be3 O-O 13.Bxb6 Qxb6 14.Ne5 a5 15.Nxc6
bxc6 16.c4 a4 17.Nd2 Qxb2 18.Rfb1 Qa3 19.Nf3 Bd7 20.Rb7 Rae8 21.Ne5 Bc8 22.Rc7
dxc4 23.Bxc4 Nd5 24.Rxc6 Nf4 25.Qg4 Qc3 {#R} 0-1

[Event "It (cat.2)"]
[Site "masterchessopen.com – Budapest (Hungary)"]
[Date "2004.10.07"]
[Round "6"]
[White "Mar Karmen (SLO)"]
[Black "Fodor Tamas Jr (HUN)"]
[Result "0-1"]
[WhiteElo "2122"]
[BlackElo "2169"]

1.e4 e6 2.d4 d5 3.Nd2 Be7 4.c3 c5 5.e5 Nc6 6.Ngf3 cxd4 7.cxd4 Qb6 8.Nb3 a5
9.Qd3 a4 10.Nbd2 Bd7 11.Nb1 Nh6 12.Nc3 Nf5 13.Be3 Nxe3 14.fxe3 Qxb2 15.Rb1 Qa3
16.Nb5 Qxd3 17.Bxd3 O-O 18.O-O Nb4 19.Ne1 Nxa2 20.Nc2 Rfc8 {#R} 0-1

[Event "It (open)"]
[Site "masterchessopen.com – Piestany (Slovakia)"]
[Date "2004.11.18"]
[Round "3"]
[White "Simek Jozef (SVK)"]
[Black "Vavrinec Tomas (CZE)"]
[Result "0-1"]
[WhiteElo "1982"]
[BlackElo "2096"]

1.e4 e6 2.d4 d5 3.Nd2 Be7 4.Ngf3 Nf6 5.Bd3 c5 6.c3 cxd4 7.cxd4 Nc6 8.O-O Nb4
9.Bb1 dxe4 10.Nxe4 Bd7 11.a3 Nbd5 12.Bg5 Nxe4 13.Bxe7 Nxf2 14.Bxd8 Nxd1 15.Ba5
N1e3 16.Re1 Rc8 17.Be4 O-O {#R} 0-1

[Event "Ch Germany (juniors) (under 20) (team)"]
[Site "masterchessopen.com – Cologne (Germany)"]
[Date "2004.12.30"]
[Round "7"]
[White "Iounoussov Maksim (GER)"]
[Black "Beckmann Emanuel (GER)"]
[Result "1-0"]
[WhiteElo "2194"]
[BlackElo "1972"]

1.e4 e6 2.d4 d5 3.Nd2 Be7 4.Bd3 Nf6 5.Ngf3 b6 6.Qe2 c5 7.dxc5 bxc5 8.c4 Bb7
9.cxd5 exd5 10.e5 Nh5 11.Bb5+ Nc6 12.Nb3 g6 13.Bh6 g5 14.Nxg5 Bxg5 15.Qxh5
Bxh6 16.Qxh6 Qc7 17.O-O O-O-O 18.Nxc5 Nxe5 19.Rac1 {#r} 1-0

[Event "Ch Kiev"]
[Site "masterchessopen.com – Kiev (Ukraine)"]
[Date "2005.01.28"]
[Round "9"]
[White "Solomaha Andrey (UKR)"]
[Black "Galinsky Timofey (UKR)"]
[Result "1-0"]
[WhiteElo "2362"]
[BlackElo "2426"]

1.e4 e6 2.d4 d5 3.Nd2 f5 4.exf5 exf5 5.Bd3 Nf6 6.Ndf3 Be7 7.Ne2 O-O 8.O-O Ne4
9.c4 c6 10.Qb3 dxc4 11.Bxc4+ Kh8 12.Nf4 b5 13.Be6 Nd7 14.Re1 g6 15.Be3 g5
16.Nd3 Kg7 17.Rac1 Bb7 18.d5 cxd5 19.Nd4 Kg6 20.Bxd7 {#r} 1-0

[Event "It (open)"]
[Site "masterchessopen.com – Leutersdorf (Germany)"]
[Round "6"]
[White "Duenzel Jonas (GER)"]
[Black "Steinbacher Matthias Dr (GER)"]
[Result "0-1"]
[WhiteElo "1891"]
[BlackElo "2287"]

1.e4 e6 2.d4 d5 3.Nd2 dxe4 4.Nxe4 Nf6 5.Nxf6+ Qxf6 6.Bd3 Nc6 7.Nf3 h6 8.c3 Bd6
9.Be3 O-O 10.Qc2 e5 11.O-O-O Bg4 12.Be2 exd4 13.Nxd4 Bxe2 14.Nxe2 Rfe8 15.h4
Re5 16.g4 Qe6 17.b3 Bc5 18.Nd4 Bxd4 19.cxd4 Ra5 20.Qb1 Nb4 21.Rd2 Qc6+ 22.Kd1
Qxh1+ {#R} 0-1

[Event "Ch Wales"]
[Site "masterchessopen.com – Cardiff (Wales)"]
[Date "2005.03.28"]
[Round "4"]
[White "Cunliffe Sd (WLS)"]
[Black "Sully David (WLS)"]
[Result "0-1"]
[WhiteElo "2011"]
[BlackElo "2135"]

1.e4 e6 2.d4 d5 3.Nd2 Be7 4.Ngf3 Nf6 5.e5 Nfd7 6.c3 c5 7.Bd3 Nc6 8.O-O a5
9.Re1 cxd4 10.cxd4 Qb6 11.Qa4 g5 12.Nb3 g4 13.Nfd2 Qc7 14.Bb1 b5 15.Qxb5 Ba6
{#R} 0-1

[Event "Ch France (juniors)"]
[Site "masterchessopen.com – Calvi (France)"]
[Round "6"]
[White "Aggoune Liza (FRA)"]
[Black "Magnin Segolene (FRA)"]
[Result "1-0"]
[WhiteElo "1953"]
[BlackElo "1704"]

1.e4 e6 2.d4 d5 3.Nd2 Be7 4.Bd3 c5 5.exd5 Qxd5 6.Ngf3 Nf6 7.O-O cxd4 8.Nb3 Nc6
9.Nbxd4 Nxd4 10.Nxd4 Bd7 11.Nf3 O-O 12.Re1 Rac8 13.Re5 Qd6 14.Bg5 Ne8 15.Bf4
f6 16.Bxh7+ Kh8 17.Rh5 e5 18.Qxd6 Bxd6 19.Bf5+ Kg8 20.Bxd7 Rxc2 21.Be6+ {#r}
1-0

[Event "Ch Russia (juniors) (under 18)"]
[Site "masterchessopen.com – Dagomys (Russia)"]
[Date "2005.04.10"]
[Round "5"]
[White "Matveev Mikhail (MIK)"]
[Black "Kuznetsov Dmitry (RUS)"]
[Result "1-0"]
[WhiteElo "2192"]
[BlackElo "2017"]

1.e4 e6 2.d4 d5 3.Nd2 a6 4.Ngf3 Nf6 5.Bd3 c5 6.e5 Nfd7 7.c3 Nc6 8.O-O g5
9.dxc5 g4 10.Nd4 Ndxe5 11.Be2 Bxc5 12.N2b3 Bd6 13.Re1 h5 14.g3 Ng6 15.c4 dxc4
16.Nxc6 bxc6 17.Nd2 Bb4 18.Bxc4 Bb7 19.a3 Ba5 20.b4 Bb6 21.Ne4 O-O 22.Bb2 Qxd1
23.Nf6+ Kg7 24.Raxd1 e5 25.Nd7 {#r} 1-0

[Event "It (open)"]
[Site "masterchessopen.com – Ditzingen (Germany)"]
[Date "2005.05.05"]
[Round "1"]
[White "Dausch Rene (GER)"]
[Black "Sigurdsson Johann Helgi (ISL)"]
[Result "1-0"]
[WhiteElo "2387"]
[BlackElo "2077"]

1.e4 e6 2.d4 d5 3.Nd2 Be7 4.Bd3 c5 5.dxc5 Bxc5 6.exd5 exd5 7.Nb3 Bb6 8.Nf3 Ne7
9.O-O Nbc6 10.Re1 Bg4 11.Be3 Bxe3 12.Rxe3 Qd6 13.Qd2 O-O-O 14.Nfd4 Kb8 15.Rae1
Nxd4 16.Nxd4 Qb6 17.Rxe7 Qxd4 {#r} 1-0

[Event "Ch Spain (universities)"]
[Site "masterchessopen.com – Granada (Spain)"]
[Date "2005.05.09"]
[Round "3"]
[White "Trujillo Delgado Dafnae (ESP)"]
[Black "Fluvia Jordi (ESP)"]
[Result "0-1"]
[WhiteElo "2182"]
[BlackElo "2460"]

1.e4 e6 2.d4 d5 3.Nd2 Be7 4.c3 c5 5.exd5 exd5 6.dxc5 Bxc5 7.Bd3 Ne7 8.Ngf3
Nbc6 9.O-O O-O 10.Nb3 Bb6 11.Bf4 Ng6 12.Bg5 Qd6 13.Nbd4 h6 14.Be3 Qf6 15.Nxc6
bxc6 16.Bd4 Qd6 17.Bxg6 Qxg6 18.Ne5 Qd6 19.Qa4 c5 20.Rac1 cxd4 21.cxd4 f6
22.Rc6 Qd8 23.Ng6 Bd7 24.Nxf8 Qxf8 {#R} 0-1

[Event "It (c)"]
[Site "masterchessopen.com – Cartak (Czech Republic)"]
[Round "2"]
[White "Stastny Radek (CZE)"]
[Black "Klecker Tadeas (CZE)"]
[Result "1-0"]
[WhiteElo "2049"]
[BlackElo "1871"]

1.e4 e6 2.d4 d5 3.Nd2 Nc6 4.c3 dxe4 5.Nxe4 Be7 6.Nf3 Nf6 7.Bd3 Bd7 8.Qc2 h6
9.Bd2 Nd5 10.O-O-O a5 11.Ne5 Nxe5 12.dxe5 b5 13.f4 c5 14.Rhe1 Qb6 15.f5 Rc8
16.Nd6+ Bxd6 17.exd6 Nb4 18.Qb1 Nxd3+ 19.Qxd3 O-O 20.f6 g5 21.Qh3 {#r} 1-0

[Event "It (open)"]
[Site "masterchessopen.com – Montpellier (France)"]
[Date "2005.07.09"]
[Round "7"]
[White "Fantin Ludwig (FRA)"]
[Black "Bricard Emmanuel (FRA)"]
[Result "0-1"]
[WhiteElo "2292"]
[BlackElo "2474"]

1.e4 e6 2.d4 d5 3.Nd2 h6 4.c3 c5 5.Ngf3 Nf6 6.exd5 exd5 7.Bb5+ Nc6 8.Qe2+ Be6
9.Ne5 Qc8 10.f4 Be7 11.dxc5 O-O 12.b4 d4 13.Nxc6 bxc6 14.Ba6 Qd7 15.Bb2 dxc3
16.Bxc3 Nd5 17.Rc1 Bh4+ 18.g3 Bg4 19.Qf2 Nxc3 20.Rxc3 Rfe8+ 21.Kf1 Bf6 22.Rc4
Rad8 23.Rc2 Bh3+ {#R} 0-1

[Event "It (open)"]
[Site "masterchessopen.com – Kiel (Germany)"]
[Date "2005.07.24"]
[Round "3"]
[White "Naumann Alexander (GER)"]
[Black "Schwarz Frank (GER)"]
[Result "1-0"]
[WhiteElo "2534"]
[BlackElo "2247"]

1.e4 e6 2.d4 d5 3.Nd2 Be7 4.Bd3 Nf6 5.e5 Nfd7 6.c3 c5 7.Ne2 Nc6 8.O-O cxd4
9.cxd4 f6 10.Nf4 Nxd4 11.Qh5+ Kf8 12.Nb3 fxe5 13.Nxd4 Nc5 14.Qxe5 Bf6
15.Ndxe6+ Kg8 16.Qe2 {#r} 1-0

[Event "It (open)"]
[Site "masterchessopen.com – Avoine (France)"]
[Date "2005.07.25"]
[Round "3"]
[White "Le Coz Yannick (FRA)"]
[Black "Bonas Jean-Marie (FRA)"]
[Result "1-0"]
[WhiteElo "1846"]
[BlackElo "1712"]

1.e4 e6 2.d4 d5 3.Nd2 c6 4.Bd3 dxe4 5.Bxe4 Nf6 6.c3 Nxe4 7.Nxe4 Be7 8.Nf3 O-O
9.O-O b6 10.Qc2 g6 11.Re1 Bb7 12.Bh6 Re8 13.Neg5 Bf8 14.Bxf8 Rxf8 15.h4 Nd7
16.Re3 Qc7 17.h5 Rae8 18.Rae1 c5 19.hxg6 hxg6 20.Nxe6 Rxe6 21.Rxe6 fxe6
22.Qxg6+ {#r} 1-0

[Event "It (open)"]
[Site "masterchessopen.com – Aviles (Spain)"]
[Date "2005.08.10"]
[Round "5"]
[White "Moreno Gracia Daniel (ESP)"]
[Black "Almeida Toledano Daniel (ESP)"]
[Result "0-1"]
[WhiteElo "2045"]
[BlackElo "2225"]

1.e4 e6 2.d4 d5 3.Nd2 Be7 4.Ngf3 Nf6 5.Bd3 c5 6.exd5 exd5 7.dxc5 Bxc5 8.O-O
O-O 9.Nb3 Bb6 10.h3 Nc6 11.c3 Ne4 12.Nfd4 Qf6 13.Qf3 Qg6 14.Bf4 f6 15.Nxc6
bxc6 16.c4 Bf5 17.Rac1 Ng5 18.Bxg5 Bxd3 19.Rfd1 Be4 20.Qe2 Qxg5 {#R} 0-1

[Event "It (open)"]
[Site "masterchessopen.com – Stare Mesto (Czech Republic)"]
[Date "2005.08.17"]
[Round "7"]
[White "Ferkingstad Sjur (NOR)"]
[Black "Borovicka Bohumil (CZE)"]
[Result "1-0"]
[WhiteElo "2239"]
[BlackElo "2086"]

1.e4 e6 2.d4 d5 3.Nd2 Be7 4.c3 c5 5.Bd3 cxd4 6.cxd4 dxe4 7.Nxe4 Nf6 8.Nf3 O-O
9.O-O Nc6 10.Bb1 Nb4 11.a3 Nbd5 12.Qd3 Bd7 13.Ne5 Rc8 14.Ng5 h6 15.Nh7 Re8
16.Nxf7 Qc7 17.Bxh6 Nf4 18.Bxf4 Qxf4 19.Ne5 Ng4 20.g3 Nxe5 21.dxe5 Qxe5
22.Qxd7 {#r} 1-0

[Event "Ch City (open)"]
[Site "masterchessopen.com – Nittenau (Germany)"]
[Date "2005.09.02"]
[Round "3"]
[White "Loos Roland (GER)"]
[Black "Straschewski Joerg"]
[Result "1-0"]
[WhiteElo "2340"]
[BlackElo "1942"]

1.e4 e6 2.d4 d5 3.Nd2 Be7 4.Ngf3 Nf6 5.Bd3 c5 6.e5 Nfd7 7.c3 Nc6 8.O-O f6
9.Re1 fxe5 10.Nxe5 Ndxe5 11.dxe5 g6 12.Qg4 Qc7 13.Nf3 Bd7 14.Ng5 Nxe5 15.Qg3
Bd6 16.Bf4 Nxd3 17.Bxd6 Qc6 18.Nxe6 Nxe1 19.Rxe1 Bxe6 20.Rxe6+ Kd7 21.Re7+ Kd8
22.Rc7 {#r} 1-0

[Event "Ch City"]
[Site "masterchessopen.com – Vienna (Austria)"]
[Date "2005.10.25"]
[Round "4"]
[White "Prinzjakowitsch Bernhard (AUT)"]
[Black "Dueckstein Andreas (AUT)"]
[Result "1-0"]
[WhiteElo "2164"]
[BlackElo "2290"]

1.e4 e6 2.d4 d5 3.Nd2 a6 4.e5 c5 5.c3 Nc6 6.Ne2 f6 7.f4 cxd4 8.cxd4 fxe5
9.dxe5 Bc5 10.Nb3 Ba7 11.Qd3 Nge7 12.Bd2 Qb6 13.O-O-O Bd7 14.Kb1 Nb4 15.Bxb4
Qxb4 16.Ned4 O-O 17.g3 Be8 18.Bh3 Nf5 {#r} 1-0

[Event "It (open)"]
[Site "masterchessopen.com – Gdansk (Poland)"]
[Date "2005.11.05"]
[Round "1"]
[White "Golinski Damian (POL)"]
[Black "Panek Tadeusz (POL)"]
[Result "0-1"]
[WhiteElo "1833"]
[BlackElo "2096"]

1.e4 e6 2.d4 d5 3.Nd2 b6 4.Bd3 c5 5.c3 Nc6 6.Ne2 Bb7 7.Nf3 dxe4 8.Bxe4 Nf6
9.Bg5 Be7 10.Bxf6 gxf6 11.Qa4 Qc7 12.dxc5 bxc5 13.Nd2 f5 14.Bf3 O-O 15.g4 fxg4
16.Rg1 Kh8 17.Rxg4 Ne5 18.Qf4 Nd3+ {#R} 0-1

[Event "Ch Norway (team) 2005/06"]
[Site "masterchessopen.com – Norway"]
[Date "2005.12.04"]
[Round "1"]
[White "Hanssen Johnny"]
[Black "David Edwin (NOR)"]
[Result "0-1"]
[WhiteElo "1631"]
[BlackElo "2192"]

1.e4 e6 2.d4 d5 3.Nd2 Be7 4.e5 Nh6 5.f4 Nf5 6.Ndf3 c5 7.c3 Nc6 8.Ne2 cxd4
9.cxd4 Qb6 10.g4 Nh4 11.Kf2 Nxf3 12.Kxf3 f6 13.Kg3 O-O 14.Bg2 fxe5 15.fxe5
Nxe5 16.h3 Ng6 17.Rf1 Qc7+ {#R} 0-1

[Event "It (open) (masters)"]
[Site "masterchessopen.com – Zurich (Switzerland)"]
[Date "2005.12.28"]
[Round "4"]
[White "Milov Leonid (GER)"]
[Black "Wahedi Ahmad Siar (GER)"]
[Result "1-0"]
[WhiteElo "2472"]
[BlackElo "2275"]

1.e4 e6 2.d4 d5 3.Nd2 h6 4.Ngf3 Nf6 5.Bd3 c5 6.exd5 exd5 7.O-O c4 8.Re1+ Be7
9.Bf1 b5 10.Ne5 O-O 11.a4 b4 12.Qf3 Qb6 13.Nexc4 dxc4 14.Rxe7 Bg4 15.Qxa8 Nbd7
16.Nxc4 Qc7 17.Bf4 Qxf4 18.Qxa7 Be6 19.d5 Bxd5 20.Qe3 Qc7 21.Qg3 Qc8 22.b3 Be6
23.Re1 Nd5 24.R1xe6 {#r} 1-0

[Event "It (open)"]
[Site "masterchessopen.com – Montigny (France)"]
[Date "2005.12.29"]
[Round "5"]
[White "Hedjazian Navid (FRA)"]
[Black "Winckel Fabrice (FRA)"]
[Result "1-0"]
[WhiteElo "1983"]
[BlackElo "1689"]

1.e4 e6 2.d4 d5 3.Nd2 a6 4.Ngf3 Nf6 5.e5 Nfd7 6.Bd3 c5 7.c3 Nc6 8.Qe2 Be7
9.O-O cxd4 10.cxd4 f6 11.exf6 Nxf6 12.Nb3 O-O 13.Bg5 Qc7 14.Rac1 Ng4 15.g3
Rxf3 16.Qxf3 Bxg5 17.Qxg4 Bxc1 18.Rxc1 e5 19.Qg5 e4 20.Qxd5+ Qf7 21.Qxe4 {#r}
1-0

[Event "Ch Poland (juniors) (under 18)"]
[Site "masterchessopen.com – Leba (Poland)"]
[Date "2006.03.29"]
[Round "7"]
[White "Szwed Jacek (POL)"]
[Black "Gumula Daniel (POL)"]
[Result "1-0"]
[WhiteElo "2263"]
[BlackElo "2359"]

1.e4 e6 2.d4 d5 3.Nd2 h6 4.Bd3 c5 5.dxc5 Nf6 6.Qe2 Bxc5 7.Ngf3 Nc6 8.a3 a5
9.O-O a4 10.exd5 Qxd5 11.Ne4 Nxe4 12.Bxe4 Qh5 13.Be3 Bd6 14.h3 O-O 15.Rad1 Bb8
16.Rd2 e5 17.Rfd1 f5 18.Qc4+ Kh7 19.Bxc6 bxc6 20.Rd8 Ba6 21.Qxc6 Bc7 22.Rxa8
Rxa8 23.Qxa8 e4 24.Qxa6 exf3 25.Rd7 {#r} 1-0

[Event "Ch Bosnia & Herzegovina (team) (w)"]
[Site "masterchessopen.com – Teslic (Bosnia & Herzegovina)"]
[Date "2006.06.25"]
[Round "8"]
[White "Marjanovic Novka (BIH)"]
[Black "Marusic Nada (SLO)"]
[Result "0-1"]
[WhiteElo "1773"]
[BlackElo "1955"]

1.e4 e6 2.d4 d5 3.Nd2 Be7 4.Ne2 Nf6 5.e5 Nfd7 6.Ng3 c5 7.c3 Nc6 8.Nb3 b6 9.Be2
cxd4 10.Nxd4 Ndxe5 11.O-O Nxd4 12.Qxd4 {#R} 0-1

[Event "Ch Greece (team)"]
[Site "masterchessopen.com – Ermioni (Greece)"]
[Date "2006.07.08"]
[Round "7"]
[White "Athanasiou Georgios (GRE)"]
[Black "Milonas Konstantinos (GRE)"]
[Result "0-1"]
[WhiteElo "1823"]
[BlackElo "1862"]

1.e4 e6 2.d4 d5 3.Nd2 Be7 4.Bd3 c5 5.c3 Nc6 6.Ne2 cxd4 7.Nxd4 Nxd4 8.cxd4 dxe4
9.Nxe4 Nf6 10.Nxf6+ Bxf6 11.Bb5+ Bd7 12.Bxd7+ Qxd7 13.Be3 O-O 14.Qd2 Rfd8
15.Rd1 Qd5 16.b3 Qxg2 17.Ke2 Qg4+ 18.Kf1 Qe4 19.Rg1 Rac8 20.Qa5 a6 21.Qh5 Rd5
22.Qh6 Rf5 23.h4 Kh8 24.Qxf6 Rxf6 {#R} 0-1

[Event "It (open)"]
[Site "masterchessopen.com – Vitoria (Brazil)"]
[Date "2006.09.07"]
[Round "1"]
[White "Cantarino Mario Ribeiro (BRA)"]
[Black "Docekal Jan (CZE)"]
[Result "1-0"]
[WhiteElo "2183"]
[BlackElo "2144"]

1.d4 e6 2.e4 d5 3.Nd2 Bd7 4.Ngf3 Nc6 5.Bd3 Be7 6.O-O Nb4 7.Re1 Nxd3 8.cxd3 Bb5
9.Ne5 Bd6 10.exd5 Bxe5 11.Rxe5 Bd7 12.dxe6 Bxe6 13.d5 Qf6 14.Nf3 O-O-O 15.dxe6
fxe6 16.Bg5 Qg6 17.Bxd8 Kxd8 18.Qe2 Nf6 19.Rxe6 Re8 20.Rxe8+ Nxe8 21.Re1 Nd6
22.Qe7+ Kc8 23.Qf8+ Kd7 24.Ne5+ {#r} 1-0

[Event "Ch Slovakia (team) 2006/07 (2 liga) (d)"]
[Site "masterchessopen.com – Slovakia"]
[Date "2006.10.15"]
[Round "2"]
[White "Kontra Miroslav"]
[Black "Ondas Miroslav"]
[Result "1-0"]
[WhiteElo "1770"]
[BlackElo "1787"]

1.e4 e6 2.d4 d5 3.Nd2 f5 4.exf5 exf5 5.Ngf3 Nf6 6.Bd3 Bd6 7.O-O O-O 8.Ne5 c6
9.Ndf3 Ne4 10.Bf4 Qc7 11.c4 Be6 12.Bxe4 fxe4 13.Ng5 Qe7 14.Qh5 Bf5 15.g4 g6
16.Qh6 Bxg4 17.Nxg6 hxg6 18.Bxd6 Qg7 19.Qh4 Bh5 20.Bxf8 Qxf8 21.Ne6 {#r} 1-0

[Event "It (KO-system)"]
[Site "masterchessopen.com – Pune (India)"]
[Round "2"]
[White "Venkatesh M R (IND)"]
[Black "Kamble Vikramaditya (IND)"]
[Result "1-0"]
[WhiteElo "2466"]
[BlackElo "2346"]

1.e4 e6 2.d4 d5 3.Nd2 Be7 4.Ngf3 Nf6 5.e5 Nfd7 6.c3 c5 7.Bd3 b6 8.O-O cxd4
9.cxd4 Ba6 10.Bxa6 Nxa6 11.Re1 Nb4 12.Nf1 Qc8 13.Re2 Qa6 14.Be3 Rc8 15.a3 Nc6
16.Ng3 Na5 17.Nh5 g6 18.Ng3 Qb5 19.Rc2 O-O 20.Rac1 Rxc2 21.Rxc2 Nc4 22.Bh6 Rc8
23.Qd3 Rd8 {#r} 1-0

[Event "Ch France (team) (juniors) (under 20)"]
[Site "masterchessopen.com – France"]
[Date "2006.11.11"]
[Round "3"]
[White "Devoille Hugo (FRA)"]
[Black "Hoerdt Audran (FRA)"]
[Result "1-0"]
[WhiteElo "1834"]
[BlackElo "1707"]

1.e4 e6 2.d4 d5 3.Nd2 dxe4 4.Nxe4 Nc6 5.c3 Bd6 6.Bb5 Ne7 7.Nf3 O-O 8.O-O a6
9.Bd3 Nf5 10.Nfg5 Bd7 11.Re1 Nce7 12.Be3 Nd5 13.Bd2 Rc8 14.c4 Nb4 15.Bb1 Nc6
16.Nxh7 Kxh7 17.Qh5+ Kg8 18.Ng5 Re8 19.Bxf5 Nxd4 20.Qh7+ {#r} 1-0

[Event "Ch Bashkortostan"]
[Site "masterchessopen.com – Meleuz (Russia)"]
[Date "2006.12.19"]
[Round "6"]
[White "Daminov Oleg (KAZ)"]
[Black "Baemov Ilnur (RUS)"]
[Result "1-0"]
[WhiteElo "2201"]
[BlackElo "2227"]

1.e4 e6 2.d4 d5 3.Nd2 Nc6 4.c3 Nf6 5.e5 Ng8 6.f4 Nge7 7.Ndf3 Qd7 8.g4 b6 9.b4
Bb7 10.a4 a5 11.b5 Nd8 12.Bd3 h5 13.Ng5 f6 14.Nh7 Nf7 15.exf6 Nc8 16.g5 Ncd6
17.g6 O-O-O 18.Nxf8 Rhxf8 19.fxg7 Rg8 20.Qxh5 {#r} 1-0

[Event "Tournament (open)"]
[Site "masterchessopen.com – Rio de Janeiro (Brazil)"]
[Date "2006.12.30"]
[Round "5"]
[White "Guimaraes Wagner P (BRA)"]
[Black "Teixeira Ricardo Da Silva (BRA)"]
[Result "0-1"]
[WhiteElo "2261"]
[BlackElo "2398"]

1.e4 e6 2.d4 d5 3.Nd2 Be7 4.c3 c5 5.dxc5 Bxc5 6.Bd3 Nf6 7.Qe2 Nc6 8.Ngf3 O-O
9.e5 Ng4 10.Nb3 Bxf2+ 11.Kf1 Bb6 12.Bxh7+ Kxh7 13.Ng5+ Kg8 14.Qxg4 Nxe5 15.Qh5
Qf6+ 16.Ke1 Qf2+ 17.Kd1 Qf5 {#R} 0-1

[Event "It (open)"]
[Site "masterchessopen.com – Stillwater (USA)"]
[Date "2007.02.17"]
[Round "2"]
[White "Bayaraa Zorigt (MGL)"]
[Black "Veal Joe Dean (USA)"]
[Result "1-0"]
[WhiteElo "2167"]
[BlackElo "2028"]

1.e4 e6 2.d4 d5 3.Nd2 Be7 4.c3 Nf6 5.e5 Nfd7 6.Bd3 c5 7.Ne2 Nc6 8.Nf3 Qb6
9.O-O cxd4 10.cxd4 O-O 11.Nf4 Kh8 12.Bb1 Qd8 13.Qd3 g6 14.Re1 Nb6 15.Nh5 Nb4
16.Qd2 Rg8 17.Nf6 Bxf6 18.exf6 Nc6 19.Qf4 Nd7 20.Ng5 Qf8 21.Nxh7 {#r} 1-0

[Event "It (open)"]
[Site "masterchessopen.com – Stillwater (USA)"]
[Date "2007.02.18"]
[Round "4"]
[White "Vicary Elizabeth (USA)"]
[Black "Veal Joe Dean (USA)"]
[Result "1-0"]
[WhiteElo "2153"]
[BlackElo "2028"]

1.e4 e6 2.d4 d5 3.Nd2 Be7 4.c3 c5 5.exd5 exd5 6.dxc5 Bxc5 7.Nb3 Bb6 8.Nf3 Nc6
9.Bd3 Nge7 10.O-O Bg4 11.Re1 Qd7 12.Be3 Bxe3 13.Rxe3 O-O 14.h3 Bf5 15.Ne5 Nxe5
16.Rxe5 Bxd3 17.Qxd3 Rad8 18.Rd1 f6 19.Ree1 Rfe8 20.Qf3 Qb5 21.Rd2 Qa4 22.Nc5
Qxa2 23.Rde2 Kf7 24.Ne6 Rd7 25.Qg4 {#r} 1-0

[Event "It (open) (masters)"]
[Site "masterchessopen.com – Bunratty (Ireland)"]
[Date "2007.02.24"]
[Round "3"]
[White "O'shea Kevin (IRL)"]
[Black "Richards Heather (ENG)"]
[Result "0-1"]
[WhiteElo "2035"]
[BlackElo "2150"]

1.e4 e6 2.d4 d5 3.Nd2 Be7 4.Ngf3 Nf6 5.Bd3 c5 6.e5 Nfd7 7.c3 Nc6 8.O-O g5 9.h3
h5 10.g4 hxg4 11.hxg4 Qb6 12.dxc5 Qc7 13.Bb5 Ndxe5 14.Nxe5 Qxe5 15.Nf3 Qe4
16.Qd4 Qh7 {#R} 0-1

[Event "It (open)"]
[Site "masterchessopen.com – Champs sur Marne (France)"]
[Date "2007.03.01"]
[Round "1"]
[White "Rrhioua Tarik (MAR)"]
[Black "Oger Philippe (FRA)"]
[Result "1-0"]
[WhiteElo "2290"]
[BlackElo "1925"]

1.e4 e6 2.d4 d5 3.Nd2 Be7 4.e5 c5 5.dxc5 Nd7 6.Bb5 Nh6 7.c6 bxc6 8.Bxc6 Rb8
9.Ne2 O-O 10.Nf3 Nf5 11.O-O Qc7 12.Ba4 Ba6 13.Re1 Nc5 14.Bb3 Rfc8 15.Ned4 Nxd4
16.Nxd4 Ne4 17.c3 Nc5 18.Bc2 Nd7 19.Re3 h6 20.Rg3 Nxe5 21.Bxh6 Bf6 22.Qh5 g6
23.Nxe6 Qe7 24.Nf4 Bg7 25.Bxg6 {#r} 1-0

[Event "It (open)"]
[Site "masterchessopen.com – Deizisau (Germany)"]
[Date "2007.04.06"]
[Round "3"]
[White "Lundin Jan (SWE)"]
[Black "Farago Ivan (HUN)"]
[Result "0-1"]
[WhiteElo "2303"]
[BlackElo "2504"]

1.e4 e6 2.d4 d5 3.Nd2 Be7 4.Ngf3 Nf6 5.e5 Nfd7 6.c3 c5 7.Bd3 Nc6 8.O-O a5
9.Re1 Qb6 10.Nf1 cxd4 11.cxd4 Nxd4 12.Nxd4 Qxd4 13.Ng3 Bc5 14.Qc2 b6 15.a3 Qh4
16.Bd2 O-O 17.b4 axb4 18.axb4 Rxa1 19.Rxa1 Bxf2+ {#R} 0-1

[Event "Ch Braunfels"]
[Site "masterchessopen.com – Braunfels (Germany)"]
[Date "2007.04.20"]
[Round "4"]
[White "Foerster Rudolf (GER)"]
[Black "Schneider Udo (GER)"]
[Result "1-0"]
[WhiteElo "1933"]
[BlackElo "1887"]

1.e4 e6 2.d4 d5 3.Nd2 a6 4.e5 c5 5.c3 Nc6 6.Ndf3 cxd4 7.cxd4 Nge7 8.Bd3 Qb6
9.Ne2 Ng6 10.O-O Be7 11.Re1 Bd7 12.Bg5 Rc8 13.h4 Bxg5 14.Nxg5 Nxh4 15.Bxh7 Qd8
16.f4 f6 17.exf6 gxf6 18.Ng3 fxg5 19.Qh5+ Kf8 20.Qh6+ Ke7 21.fxg5 Nxg2 {#r}
1-0

[Event "Ch Germany (juniors) (under 10)"]
[Site "masterchessopen.com – Willingen (Germany)"]
[Date "2007.06.01"]
[Round "9"]
[White "Lagunov Elina (GER)"]
[Black "Palm Soeren"]
[Result "1-0"]
[WhiteElo "1737"]
[BlackElo "1152"]

1.e4 e6 2.d4 d5 3.Nd2 Nc6 4.Ngf3 Bd7 5.Bd3 Be7 6.O-O Bh4 7.g3 Be7 8.e5 Bg5
9.Nb3 Bxc1 10.Rxc1 Nge7 11.c3 O-O 12.Kg2 h6 13.g4 Re8 14.g5 hxg5 15.Nxg5 Ng6
16.f4 Nxf4+ 17.Rxf4 Qxg5+ 18.Rg4 Qd8 19.Qf3 Rf8 20.Qg3 Kh8 21.Qh3+ {#r} 1-0